|
|
|
|
| LEADER |
00814cam a2200241 4500 |
| 008 |
740703s1974 enka b 001 0 eng |
| 010 |
|
|
|a 73079314
|
| 015 |
|
|
|a GB***
|
| 020 |
|
|
|a 0521202892
|
| 020 |
|
|
|a 0521298334
|
| 082 |
0 |
0 |
|a 515/.73
|
| 084 |
|
|
|2 msc
|a 46
|
| 100 |
1 |
|
|a Smart, D. R.
|
| 245 |
1 |
0 |
|a Fixed point theorems
|c [by] D. R. Smart.
|
| 260 |
|
|
|a [London,
|a New York]
|b Cambridge University Press
|c [1974]
|
| 300 |
|
|
|a viii, 93 p.
|b illus.
|c 23 cm.
|
| 504 |
|
|
|a Bibliography: p. 87-92.
|
| 650 |
|
0 |
|a Fixed point theory.
|
| 650 |
|
0 |
|a Function spaces.
|
| 906 |
|
|
|a 7
|b cbc
|c orignew
|d 2
|e opcn
|f 19
|g y-gencatlg
|
| 942 |
|
|
|c BK
|
| 999 |
|
|
|c 131044
|d 131044
|
| 952 |
|
|
|0 0
|1 0
|4 0
|6 46_000000000000000_SMA
|7 0
|9 144835
|a MAT
|b MAT
|c ST1
|d 2012-07-10
|i 979
|l 3
|m 2
|o 46 SMA
|p MAT979
|q 2019-09-25
|r 2018-08-21
|s 2018-08-21
|w 2013-08-01
|y BK
|